000 00931nam a22002177a 4500
003 NALT
005 20251209092316.0
008 s2557 th tha d
040 _aNALT
041 _atha
050 _aJC 599.T4
_bส822ต 2557
100 0 _aสุเนตร สุวรรณละออง
_936102
245 1 0 _aตำราเรื่อง สิทธิมนุษยชนในสังคมไทย /
_cสุเนตร สุวรรณละออง.
260 _aชลบุรี :
_bคณะมนุษยศาสตร์และสังคมศาสตร์ มหาวิทยาลัยบูรพา,
_c2557.
300 _a226 หน้า ;
_b
_c29 ซม.
650 4 _aพลเมือง
_919674
650 4 _aสิทธิมนุษยชน
_912544
_zไทย
653 4 _aสิทธิเสรีภาพ
850 _aNALT
942 _cGB
_2lcc
999 _c74409
_d74409
998 _j104
_k นางสาวสายฝน ดีงาม